000 00273nam a2200109 4500
008 160704b xxu||||| |||| 00| 0 eng d
100 _91970
_a Ingoglia, G
245 _aWaly Disney: Pinocchio
260 _aN.D
_b UBS
300 _aWaly Disney: Pinocchio
942 _2ddc
_cBK
999 _c1671
_d1671